Catálogo
 En Linea

La revolución Montessori en la educación / (Registro nro. 23461)

Detalles MARC
000 -CABECERA
campo de control de longitud fija 00725nam a2200217 a 4500
001 - NÚMERO DE CONTROL
campo de control 000023965
005 - FECHA Y HORA DE LA ÚLTIMA TRANSACCIÓN
campo de control 20200930022615.0
008 - DATOS DE LONGITUD FIJA--INFORMACIÓN GENERAL
campo de control de longitud fija 110117s1980 mx c r 000 0 spa d
020 ## - NÚMERO INTERNACIONAL ESTÁNDAR DEL LIBRO
Número Internacional Estándar del Libro 9682303281
040 ## - FUENTE DE LA CATALOGACIÓN
Centro catalogador/agencia de origen DO-SdBNP
Lengua de catalogación spa
Centro/agencia transcriptor BNPHU
082 ## - NÚMERO DE LA CLASIFICACIÓN DECIMAL DEWEY
Número de clasificación xxxxx
Número de documento/Ítem S785r
049 ## - FONDOS LOCALES (OCLC)
Fondos de biblioteca BNGR
100 1# - ENTRADA PRINCIPAL--NOMBRE DE PERSONA
Nombre de persona Standing, E. M.
9 (RLIN) 49299
245 13 - MENCIÓN DE TÍTULO
Título La revolución Montessori en la educación /
Mención de responsabilidad, etc. E. M. Standing ; traducción Ana Shapiro de Zagury.
250 ## - MENCIÓN DE EDICIÓN
Mención de edición 8a ed.
260 ## - PUBLICACIÓN, DISTRIBUCIÓN, ETC.
Lugar de publicación, distribución, etc. México, D. F. :
Nombre del editor, distribuidor, etc. Siglo XXI,
Fecha de publicación, distribución, etc. 1980.
300 ## - DESCRIPCIÓN FÍSICA
Extensión 202 p. :
Otras características físicas retrs. , ;
Dimensiones 18 cm.
500 ## - NOTA GENERAL
Nota general Incluye referencia biográfica del autor en la contracubierta.
500 ## - NOTA GENERAL
Nota general Incluye bibliografía p. [202].
700 1# - PUNTO DE ACCESO ADICIONAL--NOMBRE DE PERSONA
Nombre de persona Shapiro de Zagury, Ana,
Término indicativo de función/relación tr.
9 (RLIN) 49300
Existencias
Estado de retiro Estado de pérdida Restricciones de uso No para préstamo Código de colección Localización permanente Ubicación/localización actual Ubicación en estantería Fecha de adquisición Número de inventario Total de préstamos Signatura topográfica completa Código de barras Fecha visto por última vez Precio válido a partir de Tipo de ítem Koha
        Monografías: Libros y Folletos General General En catalogación 17.01.2011 LF1   xxxxx S785r 23965-10 25.06.2020 25.06.2020 Préstamo en sala

Con tecnología Koha